[Event "WCh-Women"]
[Site "Nalchik RUS"]
[Date "2008.09.02"]
[Round "2.2"]
[White "Mkrtchian,L"]
[Black "Gasik,An"]
[Result "1-0"]
[WhiteElo "2436"]
[BlackElo "2211"]

1.Nf3 d5 2.c4 c6 3.e3 Nf6 4.Nc3 e6 5.b3 Bd6 6.Bb2 O-O 7.Be2 Nbd7 8.Qc2 Re8
9.O-O e5 10.cxd5 cxd5 11.Nb5 Bb8 12.Rfc1 b6 13.Qc6 Nc5 14.Rxc5 bxc5 15.Qxa8 Qb6
16.Bxe5 Bb7 17.Qxb8 Rxb8 18.Bxb8 Ba6 19.Bxa7 Qa5 20.Bxc5 Bxb5 21.b4 Qa6 22.Bxb5 Qxb5
23.a4 Qe2 24.a5 Ne8 25.Bb6 Qa6 26.Nd4 Nd6 27.b5 Nxb5 28.Nxb5 Qxb5 29.a6 Qb2
30.Bd4  1-0

[Event "Open"]
[Site "Herzliya ISR"]
[Date "2008.09.04"]
[Round "3"]
[White "Kneler,B"]
[Black "Liasko,E"]
[Result "1/2-1/2"]
[WhiteElo "2097"]
[BlackElo "1978"]

1.Nf3 d5 2.c4 c6 3.b3 Nf6 4.Bb2 Bg4 5.Ne5 Bf5 6.e3 Nbd7 7.Nf3 g6 8.Be2 Bg7
9.O-O O-O 10.d3 Bg4 11.Nbd2 Re8 12.d4 Ne4 13.cxd5 Nxd2 14.Qxd2 cxd5 15.Rfd1 Nf6
16.Ne5 Ne4 17.Qe1 Bxe2 18.Qxe2 Rc8 19.Rac1 Qa5 20.a3 Qb6 21.Qd3 Qe6 22.Qb5 Nd6
23.Qd3 f6 24.Nf3 Qd7 25.h3 Rxc1 26.Rxc1 Rc8 27.Rc2 Rc6 28.Nd2 Qc8 29.Rc3 Kf7
30.a4 Qc7 31.Kf1 e6 32.Rxc6 Qxc6 33.Qc3 Qxc3 34.Bxc3 Bf8 35.Ke2 b6 36.Kd3 a6
37.f3 b5 38.Bb4 bxa4 39.bxa4 Nc4 40.Bxf8 Nxd2 41.Kxd2 Kxf8 42.Kc3 a5 43.e4 f5
44.exf5 exf5 45.g3 g5 46.Kd3 f4 47.g4 h6 48.Ke2 Ke7  1/2-1/2

[Event "Open"]
[Site "Herzliya ISR"]
[Date "2008.09.05"]
[Round "4"]
[White "Shutzman,J"]
[Black "Cohen,O"]
[Result "1/2-1/2"]
[WhiteElo "2318"]
[BlackElo "2278"]

1.Nf3 d5 2.c4 dxc4 3.e3 Nf6 4.Bxc4 e6 5.O-O c5 6.d4 cxd4 7.exd4 Be7 8.Nc3 a6
9.Qe2 b5 10.Bd3 Bb7 11.Bg5 O-O 12.Rfd1 Nbd7 13.Ne5 Nd5  1/2-1/2

[Event "3rd XtraCon EMT"]
[Site "Borup DEN"]
[Date "2008.09.06"]
[Round "2"]
[White "Jakobsen,O"]
[Black "Schandorff,L"]
[Result "1/2-1/2"]
[WhiteElo "2358"]
[BlackElo "2537"]

1.Nf3 d5 2.c4 c6 3.e3 Nf6 4.b3 Bg4 5.Bb2 e6 6.h3 Bxf3 7.Qxf3 Nbd7 8.Nc3 Bd6
9.Qd1 O-O 10.Be2 Qe7 11.d4 Ba3 12.Qc1 Bxb2 13.Qxb2 a6 14.Rc1 Rfd8 15.O-O e5
16.cxd5 exd4 17.exd4 cxd5 18.Bf3 Qd6 19.Rc2 Re8 20.Rfc1 Nf8 21.Ne2 Ne6 22.g3 g6
23.Bg2 Kg7 24.Nc3 Rad8 25.Na4 Re7  1/2-1/2

[Event "DMP Ekstraliga"]
[Site "Karpacz POL"]
[Date "2008.09.06"]
[Round "1"]
[White "Macieja,B"]
[Black "Dziuba,M"]
[Result "1/2-1/2"]
[WhiteElo "2606"]
[BlackElo "2570"]

1.Nf3 d5 2.c4 e6 3.d4 c6 4.e3 Bd6 5.Bd3 f5 6.O-O Nf6 7.b3 Qe7 8.Bb2 O-O 9.Qc1 b6
10.Ba3 Bb7 11.Bxd6 Qxd6 12.Nc3 Ne4 13.cxd5 exd5 14.Ne5 Nd7 15.Nxd7 Qxd7 16.b4 Rae8
17.a4 Rf6 18.Ne2 Qe7 19.Qb2 Rh6 20.g3 g5 21.Kg2 Bc8 22.Ng1 Qf7 23.f4 Qh5
24.Nf3 Qh3+ 25.Kg1 Nxg3 26.Nxg5 Qg4 27.Rf3 Ne2+ 28.Kh1 Ng3+ 29.Kg1 Ne2+ 30.Kh1 Ng3+
31.Kg1 Ne2+  1/2-1/2

[Event "5th LGA Premium Cup"]
[Site "Nuernberg GER"]
[Date "2008.09.06"]
[Round "4"]
[White "Lange,Ca"]
[Black "Giessmann,S"]
[Result "1-0"]
[WhiteElo "2061"]
[BlackElo "2243"]

1.Nf3 d5 2.c4 c6 3.g3 Nf6 4.Bg2 Bf5 5.b3 e6 6.Bb2 Nbd7 7.O-O h6 8.d3 Bc5
9.Nbd2 O-O 10.a3 a5 11.Ra2 Qe7 12.Qa1 Rfd8 13.Bc3 Qf8 14.h3 Bh7 15.Rb1 Be7
16.b4 axb4 17.axb4 dxc4 18.Nxc4 Rxa2 19.Qxa2 Nd5 20.Qb2 Nxc3 21.Qxc3 Ra8
22.b5 Bf6 23.Nfe5 Nxe5 24.Nxe5 cxb5 25.Rxb5 Rc8 26.Qb3 Bxe5 27.Rxe5 Bf5 28.Qxb7 Rc1+
29.Kh2 Qd6 30.Ra5 Qd4 31.Ra8+ Kh7 32.Qf3 Qb4 33.Qe3 Qe1 34.g4 Bg6 35.h4 Qg1+
36.Kg3 h5 37.Qf3 hxg4 38.Qxg4 Rf1 39.Qf3 e5 40.h5  1-0

[Event "5th LGA Premium Cup"]
[Site "Nuernberg GER"]
[Date "2008.09.06"]
[Round "4"]
[White "Stuermer,M"]
[Black "Struk,J"]
[Result "0-1"]
[WhiteElo "1968"]
[BlackElo "2164"]

1.Nf3 d5 2.c4 e6 3.e3 Nf6 4.Nc3 Be7 5.d4 O-O 6.Bd3 a6 7.cxd5 exd5 8.h3 Bd6
9.O-O Nbd7 10.Re1 Re8 11.Qc2 Nf8 12.e4 dxe4 13.Nxe4 Nxe4 14.Bxe4 c6 15.Be3 g6
16.Bh6 Be6 17.Qc3 Bd5 18.Ng5 Be7 19.Bxd5 cxd5 20.Nf3 Rc8 21.Qd2 Ne6 22.Be3 Qb6
23.a3 Bf6 24.Ne5 Bg7 25.Rac1 f5 26.b4 Rxc1 27.Rxc1 f4 28.Bxf4 Qxd4 29.Qxd4 Nxd4
30.Re1 Nc2 31.Re2 Nxa3 32.Kf1 Bxe5 33.Bxe5 Nc4 34.Bd4 Rxe2 35.Kxe2 Kf7 36.Kd3 Ke6
37.f4 Kf5 38.g3 Nd6 39.Be5 Ke6  0-1

[Event "Autumn-1"]
[Site "Alushta UKR"]
[Date "2008.09.07"]
[Round "6"]
[White "Iljin,T"]
[Black "Kharchenko,B"]
[Result "1/2-1/2"]
[WhiteElo "2408"]
[BlackElo "2443"]

1.Nf3 d5 2.c4 dxc4 3.e3 c5 4.Bxc4 Nc6 5.d4 e6 6.O-O Nf6 7.Qe2 a6 8.Rd1 Qc7
9.Nc3 b5 10.Bb3 Na5 11.Bc2 Bb7 12.e4 cxd4 13.Nxd4 Bc5 14.e5 Nd7 15.Ne4 Bxe4
16.Qxe4 Rc8 17.Bf4 Nc4 18.Bb3 Nxb2 19.Bxe6 O-O 20.Rd2 Bxd4 21.Qxd4 fxe6 22.Rxb2 Nb6
23.h3 Rcd8 24.Qe4 Qc3 25.Rab1 Rd4 26.Qb7 Nc4 27.Rb3 Qc2 28.Be3 Nxe3 29.fxe3 Rd5
30.Qxa6 Rxe5 31.Rxb5 Qf2+ 32.Kh2 Rxe3 33.Qd6 Re2 34.Rg1 Qf4+ 35.Qxf4 Rxf4
36.Rb8+ Rf8 37.Rb7 Rf7 38.Rb8+  1/2-1/2

[Event "TCh-FIN"]
[Site "Finland FIN"]
[Date "2008.09.07"]
[Round "2"]
[White "Halmeenmaki,T"]
[Black "Penttinen,J"]
[Result "0-1"]
[WhiteElo "2151"]
[BlackElo "2322"]

1.Nf3 d5 2.c4 e6 3.g3 Nf6 4.Bg2 Be7 5.O-O O-O 6.b3 a5 7.Bb2 a4 8.Na3 b6 9.d3 Bb7
10.Qc1 Nbd7 11.Rd1 Ra6 12.cxd5 Bxd5 13.Nb5 c6 14.Na3 c5 15.e4 Bb7 16.Nb5 Ra5
17.bxa4 Rxa4 18.Nc3 Ra6 19.Qc2 Qa8 20.Nd2 Nb8 21.Nb5 Rc8 22.Nc4 Ne8 23.Qb3 Nc6
24.Bc3 Qb8 25.a4 Ba8 26.Rab1 Rd8 27.Bd2 Qc8 28.Bf4 h6 29.Rbc1 Bf6 30.Be3 Qd7
31.Bf1 e5 32.Rb1 Rb8 33.Bd2 Nc7 34.Bc3 Ne6 35.Ra1 Ncd4 36.Bxd4 Nxd4 37.Nxd4 Qxd4
38.Rab1 Bc6 39.Ra1 b5 40.a5 Bd8 41.Ne3 g6 42.Nc2 Qd6 43.Qc3 Rba8 44.Qd2 h5
45.Ne3 Rxa5 46.Rxa5 Rxa5 47.Rc1 Qd4 48.Qc2 Bb6 49.Bg2 Ra3 50.Rd1 Ra1 51.h4 Rxd1+
52.Nxd1 Ba5 53.Ne3 Bb4 54.Bf1 Kg7 55.Qa2 Qd7 56.Qa6 Bc3 57.Bh3 Qb7 58.Qa3 Bd4
59.Qb3 Qa7 60.Kh2 Qa4 61.Qb1 Qa3 62.g4 hxg4 63.Bxg4 Qb2 64.Qe1 b4 65.h5 b3
66.hxg6 fxg6 67.Be6 Bxe3 68.Qxe3  0-1

[Event "7th Open"]
[Site "Izmir TUR"]
[Date "2008.09.07"]
[Round "10"]
[White "Purtseladze,M"]
[Black "Sulashvili,M"]
[Result "0-1"]
[WhiteElo "2300"]
[BlackElo "2499"]

1.Nf3 d5 2.c4 e6 3.b3 Nf6 4.Bb2 Be7 5.g3 O-O 6.Bg2 c5 7.O-O Nc6 8.cxd5 exd5
9.d4 Ne4 10.Nc3 Bf6 11.Na4 b5 12.Nxc5 Nxc5 13.Qc1 Nxb3 14.axb3 Qb6 15.e3 Be6
16.Qd2 Be7 17.Ne5 Bb4 18.Bc3 Bxc3 19.Qxc3 Rfc8 20.Nxc6 Rxc6 21.Qa5 a6 22.Qxb6 Rxb6
23.Rfc1 Kf8 24.b4 Ke7 25.Rc5 Kd6 26.Bf1 Rab8 27.h3 f5 28.Bd3 R8b7 29.f3 Re7
30.Rac1 g5 31.e4 fxe4 32.fxe4 dxe4 33.Bxe4 Bc4 34.Bf5 Rc6 35.Kf2 Rcc7 36.Rxc7 Rxc7
37.Ra1 Kd5 38.Rxa6 Kxd4 39.Kf3 Kc3 40.Rh6 Bg8 41.h4 gxh4 42.Rxh4 Rc4 43.Rxc4+ Kxc4
44.g4 Kxb4 45.g5 Kc3 46.g6 hxg6 47.Bxg6 b4 48.Ke3 b3 49.Ke2 b2 50.Bb1 Bb3
51.Ke3 Bc2 52.Ba2 Kb4 53.Kd4  0-1

[Event "5th LGA Premium Cup"]
[Site "Nuernberg GER"]
[Date "2008.09.07"]
[Round "6"]
[White "Pokrupa,M"]
[Black "Vogiatzis,D"]
[Result "1-0"]
[WhiteElo "2203"]
[BlackElo "2030"]

1.Nf3 d5 2.c4 e6 3.g3 c6 4.Qc2 Bd6 5.Bg2 Nf6 6.d4 b6 7.Nbd2 Bb7 8.O-O Nbd7
9.e4 dxe4 10.Nxe4 Nxe4 11.Qxe4 Nf6 12.Qe2 O-O 13.Ne5 Qc7 14.Bf4 Nd7 15.Rfd1 Rad8
16.b4 Nxe5 17.Bxe5 Bxe5 18.Qxe5 Qe7 19.c5 b5 20.a4 a6 21.axb5 axb5 22.Ra7 Rd7
23.Rxb7 Rxb7 24.Bxc6 Rc7 25.d5 Qd8 26.Bxb5 exd5 27.Rxd5 Qe7 28.Qxe7 Rxe7
29.Bf1 f6 30.Bc4 Rfe8 31.b5 Kf8 32.b6 Re5 33.Rxe5 fxe5 34.c6 Ke7 35.c7 Kd6
36.Ba6  1-0

[Event "5th LGA Premium Cup"]
[Site "Nuernberg GER"]
[Date "2008.09.07"]
[Round "6"]
[White "Reis,G"]
[Black "Klek,H"]
[Result "1/2-1/2"]
[WhiteElo "2216"]
[BlackElo "1964"]

1.Nf3 d5 2.c4 c6 3.b3 Nf6 4.g3 Bf5 5.Bg2 e6 6.O-O Be7 7.Bb2 O-O 8.d3 Nbd7
9.Nbd2 Bg6 10.Rc1 Rc8 11.Rc2 Bd6 12.Qa1 Qe7 13.Rfc1 Rfe8 14.Ne5 Nxe5 15.Bxe5 Bxe5
16.Qxe5 Rcd8 17.Nf3 Nd7 18.Qb2 Qf6 19.b4 dxc4 20.Qxf6 Nxf6 21.Rxc4 a6 22.Nd2 Kf8
23.Nb3 Re7 24.R4c2 e5 25.Rb2 Bf5 26.a4 e4 27.dxe4 Bxe4 28.Bxe4 Nxe4 29.f3 Nd6
30.Rd2 Re3 31.Na5 Ke7 32.Rcd1 Rc3 33.Rd3 Rxd3 34.Rxd3 Rb8 35.e4 f6 36.Kf2 Rc8
37.Ke3 b6 38.Nb3 Nc4+ 39.Kf2 Nb2 40.Rd2 Nxa4 41.Ra2 b5 42.Ke3 g6 43.f4 Rc7
44.Ra1 Rd7 45.Rc1 Rc7 46.Na1 Rd7  1/2-1/2

[Event "5th LGA Premium Cup"]
[Site "Nuernberg GER"]
[Date "2008.09.07"]
[Round "6"]
[White "Hirschberg,V"]
[Black "Hirn,O"]
[Result "1/2-1/2"]
[WhiteElo "2070"]
[BlackElo "2214"]

1.Nf3 d5 2.c4 e6 3.g3 Nf6 4.Bg2 Be7 5.O-O O-O 6.b3 c6 7.Bb2 Nbd7 8.d4 Ne4
9.Ba3 f5 10.Bxe7 Qxe7 11.Qc2 Ndf6 12.Nbd2 Bd7 13.Ne5 Be8 14.Ndf3 Rb8  1/2-1/2

[Event "Masters"]
[Site "Trieste ITA"]
[Date "2008.09.07"]
[Round "9"]
[White "Srebrnic,V"]
[Black "Bosma,J"]
[Result "1/2-1/2"]
[WhiteElo "2214"]
[BlackElo "2048"]

1.Nf3 d5 2.c4 c6 3.b3 Nf6 4.g3 g6 5.Bb2 Bg7 6.Bg2 O-O 7.O-O Re8 8.d4 Bf5
9.Nc3 Be4 10.Nxe4 Nxe4 11.Nd2 Nxd2 12.Qxd2 Na6 13.Rfd1 e6 14.Rac1 Bf8 15.e4 Nc7
16.f3 Be7 17.Qd3 f5 18.Rc2 Qd7 19.Kh1 Rf8 20.Re2 Rae8 21.Bc1 Bf6 22.Ba3 Be7
23.Bxe7 Rxe7 24.Rde1 Rfe8 25.Bh3 Qd8 26.Qe3 Kf8 27.g4 Rf7 28.gxf5 exf5 29.Qh6+ Kg8
30.cxd5 fxe4 31.fxe4 Nxd5 32.Qd2 Nf4 33.Re3 Nxh3 34.Rxh3 Ref8 35.Rg1 Rf4
36.Qd3 Qd7 37.Re3 Rd8 38.Rd1 Qd6 39.Rf3 Rdf8 40.Rxf4 Rxf4 41.d5 cxd5 42.exd5 Rf5
43.Rd2 Kf7 44.Kg2 a6 45.Qd4 h5 46.b4 Rf4 47.Rf2 Rxf2+ 48.Qxf2+ Ke7 49.Qd4 Qf6
50.Qc5+ Kd7 51.Qe3 Qf5 52.Qd4 Qc2+ 53.Kg3 Qf5 54.h4 Kd6 55.Qb6+ Kxd5 56.Qxb7+ Kd4
57.Qe7 Qd3+ 58.Kf4 Qf5+ 59.Kg3  1/2-1/2

[Event "I Liga Seniorow"]
[Site "Ustron POL"]
[Date "2008.09.07"]
[Round "2"]
[White "Urban,K"]
[Black "Kuczynski,R"]
[Result "1/2-1/2"]
[WhiteElo "2469"]
[BlackElo "2497"]

1.Nf3 d5 2.c4 c6 3.e3 Nf6 4.Nc3 e6 5.Be2 Nbd7 6.O-O Bd6 7.d4 O-O 8.Qc2 Re8
9.Rd1 Qe7 10.h3 a6 11.a3 dxc4 12.Bxc4 b5 13.Ba2 c5 14.dxc5 Bxc5 15.b4 Bb6
16.Ne4 Nxe4 17.Qxe4 Rb8 18.Bb2 Bb7 19.Qg4 Nf6 20.Qh4 Rbd8 21.Bd4 Bxf3  1/2-1/2

[Event "I Liga Seniorow"]
[Site "Ustron POL"]
[Date "2008.09.07"]
[Round "2"]
[White "Maksimenko,A"]
[Black "Jaworski,Mi"]
[Result "1-0"]
[WhiteElo "2537"]
[BlackElo "2374"]

1.Nf3 d5 2.c4 e6 3.d4 Nf6 4.Nc3 Be7 5.Bg5 h6 6.Bh4 O-O 7.e3 b6 8.Bd3 Bb7
9.O-O Nbd7 10.Bg3 c5 11.Qe2 Ne4 12.cxd5 Nxc3 13.bxc3 exd5 14.a4 a6 15.Rfb1 c4
16.Bf5 Bc6 17.e4 dxe4 18.Bxe4 Bxe4 19.Qxe4 Nf6 20.Qb7 Nd5 21.Re1 Bf6 22.Rac1 Bg5
23.Rc2 f6 24.h4 Rf7 25.Re8+ Qxe8 26.Qxd5 Rc8 27.hxg5 hxg5 28.Rb2 Rc6 29.Rb1 Qd7
30.Qxd7 Rxd7 31.Nd2 Rd5 32.Rb4 b5 33.axb5 axb5 34.Nf1 g4 35.Ne3 Rh5 36.Nxg4 Ra6
37.Rb1 f5 38.Nh2 Ra3 39.Rc1 Rh6 40.Nf3 Rha6 41.Kf1 Kf7 42.d5 Ra1 43.Rxa1 Rxa1+
44.Ke2 Ra2+ 45.Ke3  1-0

[Event "DMP Ekstraliga"]
[Site "Karpacz POL"]
[Date "2008.09.08"]
[Round "3"]
[White "Fraczek,Dan"]
[Black "Miroslaw,M"]
[Result "1-0"]
[WhiteElo "2351"]
[BlackElo "2316"]

1.Nf3 d5 2.c4 c6 3.d4 Nf6 4.e3 Bg4 5.h3 Bh5 6.Nc3 e6 7.g4 Bg6 8.Ne5 Nfd7
9.Nxg6 hxg6 10.Bg2 Be7 11.O-O Na6 12.e4 dxe4 13.Nxe4 Nf6 14.Ng5 Qd7 15.Be3 Rd8
16.Qe2 O-O 17.Rad1 Qc7 18.f4 c5 19.Kh1 cxd4 20.Bxd4 Bc5 21.Be5 Qe7 22.a3 b6
23.b4 Bd6 24.Bb2 Nc7 25.Nf3 Nce8 26.Nd4 Rc8 27.Nc6 Qc7 28.Be5 Bxe5 29.fxe5 Nh7
30.Rd3 f6 31.exf6 Rxf6 32.Rxf6 Nhxf6 33.Qxe6+ Kh7 34.g5 Nh5 35.Ne7  1-0

[Event "DMP Ekstraliga"]
[Site "Karpacz POL"]
[Date "2008.09.08"]
[Round "3"]
[White "Gritsak,O"]
[Black "Koziak,V"]
[Result "1-0"]
[WhiteElo "2522"]
[BlackElo "2489"]

1.Nf3 d5 2.c4 c6 3.e3 e6 4.Nc3 f5 5.b3 Nf6 6.Bb2 Bd6 7.cxd5 exd5 8.g3 O-O
9.Bg2 Nbd7 10.O-O Ne5 11.Nxe5 Bxe5 12.Qc2 Qe7 13.Ne2 Bd6 14.Nd4 g6 15.f4 Ba3
16.Bxa3 Qxa3 17.Rfc1 a5 18.Qc5 Qb4 19.Qc2 Bd7 20.a3 Qd6 21.b4 axb4 22.axb4 Rxa1
23.Rxa1 Qxb4 24.Rb1 Qc4 25.Qxc4 dxc4 26.Rxb7 c5 27.Ne2 Rd8 28.Nc3 Be6 29.Rb2 Kf7
30.Kf1 Rd7 31.Ke1 h5 32.Rb5 Rc7 33.Ra5 Ke7 34.Ra8 Rd7 35.Bc6 Rd6 36.Ra7+ Kf8
37.Rc7 Rd3 38.Bf3 Nd7 39.Bd1 Rd6 40.Ba4 Nf6 41.Rxc5 Ra6 42.Rc6 Rxc6 43.Bxc6 Ke7
44.Nb5 Ng4 45.h3 Nf6 46.Ke2 Bd5 47.Bxd5 Nxd5 48.Nc3 Nf6 49.Kf3 Ke6 50.e4 fxe4+
51.Nxe4 Nd7 52.Ke3 Kd5 53.Nc3+ Kc5 54.Ke4 Nb8 55.g4 hxg4 56.hxg4 Nc6 57.Nd5 Kd6
58.Ne3 Kc5 59.g5 Nd4 60.f5 gxf5+ 61.Nxf5 Ne6 62.g6 Nc7 63.Ke5  1-0

[Event "3rd PGMA Cup"]
[Site "Manila PHI"]
[Date "2008.09.08"]
[Round "3"]
[White "Elorta,D"]
[Black "Castellano,Christo"]
[Result "1-0"]
[WhiteElo "2405"]
[BlackElo "2249"]

1.Nf3 d5 2.c4 e6 3.g3 Nf6 4.Bg2 Be7 5.O-O O-O 6.b3 b6 7.Bb2 Bb7 8.d3 Nbd7
9.Nbd2 a5 10.a3 Bd6 11.Qc2 Re8 12.e4 dxe4 13.Nxe4 Nxe4 14.dxe4 e5 15.Nh4 g6
16.Rad1 Qe7 17.Rd2 Nf8 18.Qc1 Bc5 19.Rfd1 f6 20.Rd5 Bxd5 21.cxd5 Rad8 22.Bf1 Qd6
23.Bb5 Re7 24.Kg2 Ne6 25.Nf3 Ng7 26.Nd2 Rf7 27.Nc4 Qe7 28.f3 Bd6 29.Re1 Rdf8
30.Re2 f5 31.exf5 Rxf5 32.f4 e4 33.Ne3 Rh5 34.Qc4 g5 35.f5 Nxf5 36.Nxf5 Rxf5
37.Rxe4 Qf7 38.Re8+ Bf8 39.Qd4 Rf2+ 40.Kg1 Rf1+ 41.Bxf1 Qxe8 42.d6  1-0

[Event "I Liga Seniorow"]
[Site "Ustron POL"]
[Date "2008.09.08"]
[Round "3"]
[White "Kalinin,O"]
[Black "Mielczarski,M"]
[Result "1/2-1/2"]
[WhiteElo "2356"]
[BlackElo "2242"]

1.Nf3 d5 2.c4 e6 3.g3 Nf6 4.Bg2 Be7 5.O-O O-O 6.b3 b6 7.Bb2 Bb7 8.e3 Nbd7
9.cxd5 Nxd5 10.d4 Ba6 11.Re1 Nb4 12.Bc3 Rc8 13.a3 Nd5 14.e4 Nxc3 15.Nxc3 Nf6
16.Ne5 c6 17.b4 Bb7 18.Re2 Qc7 19.Nc4 Rfd8 20.Rd2 Ba6 21.Qb3 c5 22.bxc5 Bxc4
23.Qxc4 Bxc5 24.Rad1 Be7 25.Qxc7 Rxc7 26.Rd3 a6 27.e5 Ne8 28.d5 Bxa3 29.dxe6 Rxd3
30.exf7+ Kxf7 31.Rxd3 Bb4 32.Bd5+ Ke7 33.Ne4 Rd7 34.Bc4 Rxd3 35.Bxd3 a5 36.f4 Nc7
37.Kf2 h6 38.Ke3 Ne6 39.f5 Nc5 40.Nxc5 Bxc5+ 41.Ke4 a4 42.g4 Bf2  1/2-1/2

[Event "3rd PGMA Cup"]
[Site "Manila PHI"]
[Date "2008.09.09"]
[Round "5"]
[White "Ghaem Maghami,E"]
[Black "Goh Weiming"]
[Result "1-0"]
[WhiteElo "2597"]
[BlackElo "2403"]

1.Nf3 d5 2.c4 c6 3.d4 e6 4.Qc2 dxc4 5.Qxc4 b5 6.Qc2 Bb7 7.e4 Nd7 8.Nc3 a6
9.Bg5 Qb6 10.Rd1 Rc8 11.g3 c5 12.d5 Ngf6 13.Bh3 Be7 14.O-O h6 15.Bxf6 gxf6
16.a4 Nf8 17.Rfe1 Rd8 18.axb5 axb5 19.Qb3 b4 20.Ne2 Ba6 21.Nd2 f5 22.exf5 e5
23.Nc4 Bxc4 24.Qxc4 Nh7 25.Nc1 O-O 26.Nd3 Rfe8 27.Nxe5 Bf6 28.Nc6 Rc8 29.b3 Kg7
30.Bg2 Nf8 31.Qg4+ Kh7 32.Rxe8 Rxe8 33.d6 Nd7 34.Bd5 Rg8 35.Qh5 Rg7 36.Qf3 Qa6
37.Re1 Qc8 38.Bc4 Qf8 39.Qd5 Qc8 40.Ne7 Qb8 41.Nc6 Qc8 42.Ne7 Qb8 43.Kg2 Bc3
44.Re2 Bf6 45.Bd3 Qb6 46.Qc6 Qxc6+ 47.Nxc6 Rg8 48.Re7  1-0

[Event "X Open"]
[Site "San Marti ESP"]
[Date "2008.09.09"]
[Round "8"]
[White "Colon Garcia,E"]
[Black "Ridameya Tatche,J"]
[Result "1/2-1/2"]
[WhiteElo "2118"]
[BlackElo "2133"]

1.Nf3 d5 2.c4 dxc4 3.e3 Nf6 4.Bxc4 Nc6 5.d4 a6 6.a4 Bg4 7.O-O e6 8.Nc3 Bd6
9.h3 Bh5 10.Qe2 O-O 11.g4 Bg6 12.e4 e5 13.d5 Nb8 14.Bg5 Nbd7 15.Nd2 h6 16.Be3 Nc5
17.f3 Ne8 18.Qf2 b6 19.Be2 Qe7 20.Nc4 Nb3 21.Rad1 Bc5 22.Bxc5 Nxc5 23.d6 Nxd6
24.Nd5 Qd8 25.Ndxb6 cxb6 26.Rxd6 Qc7 27.Rfd1 Rfd8 28.Rxd8+ Rxd8 29.Rxd8+ Qxd8
30.Nxe5 Nxa4 31.Nxg6 fxg6 32.Bxa6 Qd1+ 33.Kg2 Qb3 34.Bb7 Qxb2 35.Qxb2 Nxb2
36.f4 Kf8 37.Kf3 Ke7 38.h4 Nc4 39.Bd5 Na5 40.e5 b5 41.Ke3 Kd7 42.g5 hxg5
43.hxg5 Ke7 44.Kd4 b4 45.Kd3 Kf8 46.Be4 Kf7 47.Kc2 b3+ 48.Kc3 Ke7 49.Bxg6 Nc6
50.Kxb3 Nd4+ 51.Kc4 Ne6 52.f5 Nxg5 53.Kd5 Nh3 54.Ke4 Nf2+ 55.Ke3 Nd1+ 56.Kd2  1/2-1/2

[Event "3rd PGMA Cup"]
[Site "Manila PHI"]
[Date "2008.09.10"]
[Round "6"]
[White "Mchedlishvili,M"]
[Black "Sadorra,J"]
[Result "1-0"]
[WhiteElo "2604"]
[BlackElo "2470"]

1.Nf3 d5 2.c4 e6 3.d4 Nf6 4.Nc3 dxc4 5.Qa4+ Nc6 6.Qxc4 Nb4 7.Qb3 c5 8.dxc5 Bxc5
9.Bg5 h6 10.Bh4 Qa5 11.Bxf6 gxf6 12.Nd2 Bd7 13.a3 Nd5 14.Nxd5 exd5 15.e3 Rd8
16.Qxb7 Bb6 17.b4 Qa4 18.Qxd5 O-O 19.Qb3 Qc6 20.Nf3 Kh8 21.Qb2 Bg4 22.Be2 Rg8
23.Rc1 Qe6 24.Rc4 Bxf3 25.gxf3 Rg6 26.h4 h5 27.Re4 Qd5 28.Qc2 Kg7 29.Bc4 Qd6
30.Ke2 f5 31.Qc3+ Kh6 32.Rf4 Qd7 33.Bd3 Rc6 34.Rc4 Rd6 35.Rd1 a6 36.Qc2 Kg6
37.Rf4 Kh6 38.Bxf5 Qb5+ 39.Bd3 Qd5 40.Qc3 Qa2+ 41.Bc2  1-0

[Event "TCh-SRB 1st League w"]
[Site "Subotica SRB"]
[Date "2008.09.10"]
[Round "8"]
[White "Olarasu,G"]
[Black "Djukic,Sa"]
[Result "1-0"]
[WhiteElo "2295"]
[BlackElo "2178"]

1.Nf3 d5 2.c4 e6 3.g3 Nf6 4.Bg2 c6 5.b3 Nbd7 6.Bb2 Be7 7.O-O O-O 8.d4 b6
9.Nbd2 Ba6 10.Re1 b5 11.c5 b4 12.a3 bxa3 13.Rxa3 Bb5 14.Qa1 a6 15.e3 Ne8
16.e4 dxe4 17.Nxe4 Nc7 18.Nc3 Nd5 19.Nxd5 exd5 20.Qc1 Re8 21.Ne5 Nxe5 22.dxe5 Bf8
23.Bd4 Qc8 24.Qc3 Qf5 25.b4 Re6 26.Qd2 Rae8 27.Rf3 Qh5 28.Rfe3 g5 29.h3 g4
30.Qd1 Rg6 31.hxg4 Qxg4 32.Qxg4 Rxg4 33.f4 Bh6 34.Bh3 Rg6 35.Kh2 Bg7 36.Bf5 Rh6+
37.Kg2 Bc4 38.g4 f6 39.e6 Re7 40.Rh3 Rxh3 41.Kxh3 Kf8 42.Bxh7 Rb7 43.Bf5 Ke7
44.g5 Rb8 45.Kg3 Rg8 46.Bh7 fxg5 47.f5 Bxd4 48.Bxg8 Bd3 49.Kg4 Bf2 50.f6+ Kxf6
51.e7 Bg6 52.e8=Q Bxe8 53.Rxe8 Bd4 54.Rc8 Bc3 55.Rxc6+ Ke5 56.Re6+ Kd4 57.c6  1-0

[Event "7th Georgiev - Kesarovski Mem"]
[Site "Sunny Beach BUL"]
[Date "2008.09.10"]
[Round "3"]
[White "Pezelj,S"]
[Black "Yermishin,V"]
[Result "1-0"]
[WhiteElo "2024"]
[BlackElo "2344"]

1.Nf3 d5 2.c4 e6 3.e3 Nf6 4.Nc3 Be7 5.d4 O-O 6.Bd3 dxc4 7.Bxc4 c5 8.O-O Nc6
9.dxc5 Bxc5 10.b3 b6 11.Bb2 Qe7 12.a3 Bb7 13.b4 Rfd8 14.Qe2 Bd6 15.Nb5 Bb8
16.Rfd1 a6 17.Rxd8+ Nxd8 18.Nbd4 b5 19.Bd3 Nc6 20.Nxc6 Bxc6 21.Rc1 Bb7 22.Ne5 Bd6
23.Nc6 Qd7 24.Na5 Rc8 25.Nxb7 Rxc1+ 26.Bxc1 Qxb7 27.Qc2 e5 28.Bf5 Qc7 29.Qxc7 Bxc7
30.Bd2 Bd6 31.Bc8 Nd5 32.Bxa6 Nc7 33.Bb7 Kf8 34.Kf1 Ke7 35.Bc6 Ke6 36.e4 f6
37.Be3 Bf8 38.Bb6 Kd6 39.Bxb5 Nxb5 40.Bc5+ Ke6 41.Bxf8 Kf7 42.a4 Nc3 43.Bc5 Nxa4
44.Ke2 Ke6 45.Kd3 g6 46.Kc4 Nb2+ 47.Kc3 Na4+ 48.Kb3 Nxc5+ 49.bxc5 Kd7 50.Kc4 Kc6
51.g4  1-0

[Event "TCh-SRB 1st League w"]
[Site "Subotica SRB"]
[Date "2008.09.11"]
[Round "9"]
[White "Maric,A"]
[Black "Hryhorenko,N"]
[Result "1/2-1/2"]
[WhiteElo "2412"]
[BlackElo "2345"]

1.Nf3 d5 2.c4 c6 3.e3 Nf6 4.Qc2 g6 5.b3 Bg7 6.Bb2 O-O 7.Be2 Bg4 8.O-O Nbd7
9.d3 Bxf3 10.Bxf3 e5 11.b4 Re8 12.cxd5 Nxd5 13.a3 N7b6 14.Nd2 a5 15.bxa5 Rxa5
16.Nb3 Ra8 17.Nc5 Bf8 18.Bd1 Nd7 19.Nxd7 Qxd7 20.Bf3 Nf6 21.a4 Bd6 22.Bc3 Nd5
23.Bxd5 cxd5 24.Bb2 Ra6 25.Qb3 Rea8 26.Qxd5 Ra5 27.Qb3 Rxa4 28.Rxa4 Rxa4
29.Qd5 Qc6 30.Qxc6 bxc6 31.Ra1 Rxa1+ 32.Bxa1 f5  1/2-1/2

[Event "I Liga Seniorow"]
[Site "Ustron POL"]
[Date "2008.09.11"]
[Round "6"]
[White "Przewoznik,J"]
[Black "Konieczynski,P"]
[Result "1-0"]
[WhiteElo "2390"]
[BlackElo "1934"]

1.Nf3 d5 2.c4 e6 3.g3 Nf6 4.Bg2 Be7 5.O-O O-O 6.b3 b6 7.Bb2 Bb7 8.e3 c5 9.Nc3 Nc6
10.cxd5 Nxd5 11.Nxd5 exd5 12.d4 Ba6 13.Re1 c4 14.bxc4 Bxc4 15.Nd2 Na5 16.Bc3 b5
17.Nxc4 Nxc4 18.Qh5 f5 19.Qf3 Rc8 20.Qxd5+ Qxd5 21.Bxd5+ Kh8 22.Be6 Rc7 23.d5 Bd6
24.Rab1 a6 25.Kg2 h6 26.h4 h5 27.Rec1 Kh7 28.Kf3 Kg6 29.Ke2 Rb8 30.Bd4 a5
31.Rc2 Rbb7 32.Rbc1 Na3 33.Rc6 Nc4 34.R1xc4 bxc4 35.Rxd6 c3 36.Bg8+  1-0

[Event "Open"]
[Site "Herzliya ISR"]
[Date "2008.09.12"]
[Round "9"]
[White "Lerner,K"]
[Black "Kudischewitsch,D"]
[Result "1-0"]
[WhiteElo "2521"]
[BlackElo "2341"]

1.Nf3 d5 2.c4 c6 3.e3 Nf6 4.Nc3 g6 5.d4 Bg7 6.Bd3 O-O 7.O-O Bg4 8.h3 Bxf3
9.Qxf3 e6 10.Qe2 Nbd7 11.Rd1 Re8 12.Bd2 Qc7 13.Rac1 Rad8 14.Be1 Qb8 15.Qc2 Rc8
16.Qb1 a6 17.a4 Red8 18.b4 Ne8 19.Qb3 Nb6 20.c5 Nd7 21.f4 Nf8 22.b5 axb5
23.axb5 Qc7 24.Ra1 Ra8 25.b6 Qe7 26.Ra7 Rab8 27.Na2 Rd7 28.Nb4 Qd8 29.Rda1 f6
30.Bg3 Kh8 31.Qa4 Qc8 32.Ra8 Rd8 33.Rxb8 Qxb8 34.Nxc6 bxc6 35.Qxc6 Rc8 36.Qb5 Rd8
37.Ra7 g5 38.c6 Nd6 39.Qa6  1-0

[Event "7th Georgiev - Kesarovski Mem"]
[Site "Sunny Beach BUL"]
[Date "2008.09.12"]
[Round "7"]
[White "Pezelj,S"]
[Black "Raeva,E"]
[Result "0-1"]
[WhiteElo "2024"]
[BlackElo "2307"]

1.Nf3 d5 2.c4 Nf6 3.e3 c6 4.d4 Bf5 5.Nc3 e6 6.Be2 Bd6 7.O-O O-O 8.Nh4 Bg6
9.Nxg6 hxg6 10.Bf3 Nbd7 11.b3 Qe7 12.Qc2 g5 13.g3 Rac8 14.Bb2 g4 15.Bg2 Nh7
16.e4 dxc4 17.bxc4 e5 18.d5 cxd5 19.cxd5 Qg5 20.Qe2 Nb6 21.Nb5 Bb8 22.Ba3 Rfd8
23.Rac1 a6 24.Rxc8 Nxc8 25.Nc3 Nd6 26.Bc1 Qg6 27.f4 gxf3 28.Qxf3 Nf6 29.Re1 Rc8
30.Bh3 Rc4 31.Bf5 Qh5 32.g4 Qh4 33.Rf1 Nxf5 34.gxf5 Ng4 35.h3 Ba7+ 36.Kh1 Ne3
37.Bd2 Nxf1 38.Qxf1 Qg3  0-1

[Event "7th Georgiev - Kesarovski Mem"]
[Site "Sunny Beach BUL"]
[Date "2008.09.12"]
[Round "7"]
[White "Jordanova,S"]
[Black "Filev,G"]
[Result "1/2-1/2"]
[WhiteElo "2168"]
[BlackElo "2395"]

1.Nf3 d5 2.c4 c6 3.b3 Nf6 4.Bb2 Bf5 5.d3 e6 6.g3 h6 7.Bg2 Be7 8.O-O O-O 9.Nbd2 Nbd7
10.a3 Bh7 11.Re1 Re8 12.Rc1 Bf8 13.d4 Ne4 14.e3 Rc8 15.Qe2 a6 16.Red1 b5
17.cxd5 cxd5 18.Rxc8 Qxc8 19.Rc1 Qb7 20.Ne1 Nef6 21.Ndf3 Rc8 22.Qd1 Ne4 23.Bf1 Rc7
24.Nd3 Qc8 25.Kg2 Bd6 26.Nfe1 Bf5 27.f3 Nef6 28.Rxc7 Qxc7 29.Qc1 Ne8 30.Qxc7 Nxc7
31.Nf2 Bb1 32.Be2 Nb8 33.Nfd3 Nc6 34.Bd1 b4 35.a4 f6 36.f4 Na5 37.Kf2 Kf7
38.Bh5+ Ke7 39.Bd1 Kf7 40.Ke2 Ba2 41.Nc1 Bb1 42.Ncd3 Ba2 43.Nc1 Bb1 44.Ncd3 Ba2  1/2-1/2

[Event "I Liga Seniorow"]
[Site "Ustron POL"]
[Date "2008.09.12"]
[Round "7"]
[White "Luch,M"]
[Black "Antoniewski,R"]
[Result "1/2-1/2"]
[WhiteElo "2412"]
[BlackElo "2503"]

1.Nf3 d5 2.c4 dxc4 3.Qa4+ Nc6 4.e3 a6 5.Bxc4 e6 6.d4 Bd7 7.Qc2 Nf6 8.a3 Bd6
9.O-O O-O 10.Nbd2 Qe7 11.e4 e5 12.d5 Na7 13.Bd3 b5 14.Nb3 c6 15.dxc6 Nxc6
16.Be3 Rfc8 17.Qe2 Be6 18.Nfd2 Ng4 19.Rfc1 Nxe3 20.Qxe3 Nd4 21.Nxd4 exd4
22.Qe2 Qg5 23.Re1 Bg4 24.f3 Bf4 25.Nf1 Be6 26.g3 Bc7  1/2-1/2